| 000 | 00508nam a2200169Ia 4500 | ||
|---|---|---|---|
| 003 | SGT | ||
| 020 | _a9789380803388 | ||
| 082 |
_a658.4034 _bSHA |
||
| 100 | _aSharma,S.D | ||
| 245 | _aOperations Research | ||
| 250 | _a17 rev Ed. | ||
| 260 |
_bKedar Nath Ram Nath _aMeerut _c2014 |
||
| 300 | _aVp. | ||
| 650 | _aOPERATIONS RESEARCH | ||
| 653 | _aVECTORS AND LINEAR ALGEBRA,MATRICES AMD DETERMINANTS,DIFFERENCE EQUATIONS,WHAT IS OPERATIONS RESEARCH, CONVEX SETS,REVISED SIMPLEX METHOD | ||
| 942 |
_2ddc _cBK _07 |
||
| 999 |
_c5799 _d5799 |
||